[Event "84th Tata Steel Challengers 2022"]
[Site "Wijk aan Zee"]
[Date "2022.01.26"]
[Round "10.2"]
[White "Jumabayev, Rinat"]
[Black "Bjerre, Jonas Buhl"]
[Result "0-1"]
[WhiteElo "2631"]
[BlackElo "2586"]
[Annotator "TA"]
[PlyCount "114"]
[EventDate "2022.01.15"]
[EventType "tourn"]
[EventCountry "NED"]
[SourceTitle "playchess.com"]
[Source "ChessBase"]
[SourceQuality "1"]

{[%evp 11,114,12,21,0,0,0,0,0,0,-8,0,0,0,-8,6,10,15,1,0,16,10,0,0,0,0,-5,-4,-10,-8,-94,-94,-91,-82,-89,-80,-95,-55,-65,-65,-50,-53,-81,-99,-113,-112,-111,-108,-110,-104,-114,-114,-107,-112,-110,-108,-114,-112,-129,-127,-127,-122,-130,-120,-125,-120,-154,-162,-154,-139,-157,-162,-182,-182,-183,-139,-178,-149,-152,-174,-189,-92,-160,-156,-148,-154,-402,-375,-364,-370,-379,-362,-655,-655,-655,-655,-655,-655,-655,-655,-648,-601,-583,-583,-779,-703]} 1. d4 Nf6 2. Nf3 d5 3. c4 e6 4. g3 dxc4 5. Bg2 a6 6. O-O Nc6 7. Qc2 {E04: Open Catalan: 5 Nf3.} Nxd4 8. Nxd4 Qxd4 9. Nd2 {The position is equal.} c3 10. bxc3 Qc5 11. Rb1 Be7 {[#]} 12. Rb3 $146 ({Predecessor:} 12. Ne4 Nxe4 13. Bxe4 h6 14. c4 O-O 15. Be3 Qe5 16. Bxb7 Bxb7 17. Rxb7 Bg5 18. Ba7 Rfd8 19. f4 Qd6 20. fxg5 Rxa7 21. Rxa7 Qb6+ 22. e3 Qxa7 23. Qf2 {½-½ (23) Dubov,D (2683)-Duda,J (2758) Wijk aan Zee 2020}) 12... Qf5 13. Qxf5 exf5 14. Bxb7 Bxb7 15. Rxb7 Nd5 16. c4 O-O-O {[%cal Be8c8,Bc8b7,Bb7c6][%mdl 32]} 17. Ra7 Nb4 {[#] Strongly threatening ...Kb8.} 18. Nb3 {And now Bf4 would win.} Nc6 $1 19. Rxa6 Kb7 20. Rxc6 Kxc6 $17 21. Bb2 Bf6 $36 {[%mdl 2048] Black is on the roll.} 22. Bxf6 gxf6 {[%mdl 4096] Endgame KRR-KRN} 23. Rb1 f4 24. gxf4 Rhg8+ 25. Kf1 Ra8 {[%mdl 1024] Inhibits Na5+. Black has compensation.} 26. Rb2 Ra4 27. Rc2 Rga8 28. Nc1 Kc5 29. Nb3+ Kd6 30. Nc1 R8a5 31. e3 Rc5 32. Rd2+ Ke7 33. Nb3 Rcxc4 34. Nd4 Ra5 35. Kg2 Rd5 36. Rb2 Kd7 37. h4 c5 38. Rb7+ Kc8 39. Rb5 Kc7 40. Nb3 Kc6 41. Rb8 Ra4 {To avoid Na5+} 42. Nc1 Rd1 ({Black should try} 42... Rd2 $19 {aiming for ...Rc2.} 43. Rc8+ Kb6 44. Rb8+ Kc7) 43. Rc8+ Kb5 44. Ne2 Kb4 {To avoid Nc3. Black is more active.} ({And not} 44... Kc4 45. Ng3 $15) 45. Ng3 Rc1 ({Not} 45... Rxa2 46. Rb8+ Kc4 47. Kf3 $17) (45... c4 $19 {has better winning chances.} 46. Ne4 Rc1 47. Nxf6 Rxa2 48. Nxh7 c3) 46. Ne4 ({White should play} 46. a3+ Rxa3 47. Rc7) 46... c4 {[%cal Bc5c4,Bc4c3,Bc3c2][%mdl 32]} 47. Nxf6 Rxa2 {[#] Threatens to win with ...c3.} 48. Kf3 $2 {White does not recover from this.} (48. Nd5+ $17 Kb3 49. Rb8+ Ka3 50. Rc8) 48... c3 $19 49. Nd5+ Kb3 50. Rb8+ Kc4 51. Nb6+ (51. e4 c2 52. Ne3+ Kd3 53. Rd8+ Kc3 54. Rc8+ Kb2 55. f5) 51... Kc5 {Hoping for ...c2. Black is clearly winning.} 52. Nd7+ Kd6 53. Ne5 c2 54. Rb6+ Kc7 55. Rc6+ Kb7 {White must now prevent ...Rd1.} 56. Rc3 Rd1 {...f5 is the strong threat.} 57. Rb3+ Ka6 {Weighted Error Value: White=0.24 (precise) /Black=0.04 (flawless)} 0-1

[Event "84th Tata Steel Challengers 2022"]
[Site "Wijk aan Zee"]
[Date "2022.01.26"]
[Round "10.3"]
[White "Dardha, Daniel"]
[Black "Nguyen, Thai Dai Van"]
[Result "1/2-1/2"]
[WhiteElo "2533"]
[BlackElo "2609"]
[Annotator "TA"]
[PlyCount "34"]
[EventDate "2022.01.15"]
[EventType "tourn"]
[EventCountry "NED"]
[SourceTitle "playchess.com"]
[Source "ChessBase"]
[SourceQuality "1"]

{[%evp 14,34,31,0,28,13,9,0,16,-9,7,12,5,14,8,-12,5,0,11,-16,0,0,10]} 1. d4 d5 2. Nf3 Nf6 3. c4 e6 4. g3 Be7 5. Bg2 O-O 6. Nc3 Nbd7 7. O-O dxc4 8. a4 {[%cal Ba2a4,Ba4a5,Ba5b6][%mdl 32]} c5 {E07: Closed Catalan: Main Line (5 Nf3 0-0 6 0-0 Nbd7).} 9. a5 Nd5 {The position is equal.} 10. Qa4 a6 {[#]} 11. dxc5 $146 ({Predecessor:} 11. Qxc4 b5 12. axb6 Bb7 13. e4 Nxc3 14. bxc3 cxd4 15. Bf4 Nxb6 16. Qxd4 Qxd4 17. Nxd4 Nd7 18. Rfb1 {½-½ (20) Rudenko,V (2398)-Broemme,S (2427) ICCF email 2016}) 11... Nxc5 12. Qxc4 b5 13. axb6 $1 Bb7 14. Qg4 Nf6 {[%mdl 1024] Black has compensation.} 15. Qc4 {Threatening Be3.} Nd5 16. Qg4 Nf6 17. Qc4 Nd5 {An interesting draw.  Weighted Error Value: White=0.13 (very precise) /Black=0.07 (flawless)} 1/2-1/2

[Event "84th Tata Steel Challengers 2022"]
[Site "Wijk aan Zee"]
[Date "2022.01.26"]
[Round "10.4"]
[White "Murzin, Volodar"]
[Black "Van Foreest, Lucas"]
[Result "1/2-1/2"]
[WhiteElo "2519"]
[BlackElo "2530"]
[Annotator "TA"]
[PlyCount "85"]
[EventDate "2022.01.15"]
[EventType "tourn"]
[EventCountry "NED"]
[SourceTitle "playchess.com"]
[Source "ChessBase"]
[SourceQuality "1"]

{[%evp 15,85,22,52,49,40,52,60,36,38,45,51,58,79,68,93,88,110,41,41,27,69,65,53,21,16,13,13,22,22,20,26,25,25,0,0,0,0,0,0,0,0,0,0,8,38,29,20,26,30,10,16,0,0,0,0,0,10,9,15,13,45,43,53,14,21,7,25,14,21,20,24,0]} 1. e4 e5 2. Nf3 Nc6 3. Bb5 {[%cal Bf1b5,Bb5a4,Ba4b3][%mdl 32]} a6 4. Ba4 Nf6 5. O-O b5 6. Bb3 Bb7 7. d3 Bc5 8. c3 d6 9. Bg5 {C78: Ruy Lopez: Archangelsk and Möller Defences.} h6 10. Bh4 Bb6 11. Nbd2 {White is slightly better.} g5 12. Bg3 {[#]} Nh7 $146 ({Predecessor:} 12... Na5 13. Bc2 Nh5 14. d4 Nxg3 15. hxg3 g4 16. Nh4 exd4 17. Qxg4 Qg5 18. Qe2 dxc3 19. bxc3 Qxg3 {0-1 (27) Hartono,E (1795)-Golubenko,A (2285) ICCF email 2018}) 13. a4 O-O 14. Re1 Kh8 15. Nf1 Ne7 {[#]} 16. Ne3 (16. d4 $1 $16) 16... Bxe3 $14 17. fxe3 f5 (17... bxa4 $1 $11 18. Rxa4 f5) 18. exf5 {Strongly threatening e4. White is more active.} Nxf5 19. Bf2 (19. Nxe5 $5 dxe5 20. Bxe5+ Nf6 21. Rf1 $14 (21. e4 Ng7 $15)) 19... Bxf3 20. Qxf3 Nd4 $1 21. Qd1 Nxb3 22. Qxb3 Qd7 23. e4 Nf6 24. axb5 axb5 25. Rxa8 Rxa8 26. d4 Kg7 27. c4 bxc4 28. Qxc4 Ng4 29. Bg3 {Hoping for h3.} Re8 30. h3 Nf6 31. dxe5 dxe5 32. Bf2 {[%cal Bg3f2,Bf2c5,Bc5b4,Bb4c3][%mdl 32]} Re7 33. Bc5 Rf7 34. Qe2 Qe6 35. Kh2 Nd7 36. Bb4 Nf6 37. Bc3 Re7 38. Rf1 Nd7 39. Qb5 Rf7 40. Rd1 Kh7 41. Qe2 Rg7 42. Qf3 Rf7 {Prevents Qf5+.} 43. Qe2 {Weighted Error Value: White=0.09 (flawless) /Black=0.08 (flawless)} 1/2-1/2

[Event "84th Tata Steel Challengers 2022"]
[Site "Wijk aan Zee"]
[Date "2022.01.26"]
[Round "10.5"]
[White "Warmerdam, Max"]
[Black "Maurizzi, Marc`Andria"]
[Result "1/2-1/2"]
[WhiteElo "2599"]
[BlackElo "2496"]
[Annotator "TA"]
[PlyCount "93"]
[EventDate "2022.01.15"]
[EventType "tourn"]
[EventCountry "NED"]
[SourceTitle "playchess.com"]
[Source "ChessBase"]
[SourceQuality "1"]

{[%evp 17,93,16,9,14,7,11,12,15,21,7,8,7,31,16,54,48,52,42,60,43,39,3,17,13,34,0,18,6,3,7,39,33,37,27,42,42,34,44,57,50,44,42,39,33,106,36,50,31,54,22,25,8,11,0,27,0,16,0,33,31,27,0,0,0,18,0,0,0,0,0,0,0,0,0,0,0,0,0]} 1. d4 Nf6 2. c4 e6 3. g3 d5 4. Bg2 Be7 5. Nf3 O-O 6. b3 b6 7. O-O Bb7 8. Bb2 Nbd7 9. Nc3 c5 10. Ne1 {E17: Queen's Indian: 4 g3 Bb7 5 Bg2 Be7.} Ne4 11. cxd5 exd5 12. Rc1 Bf6 13. Nf3 Re8 {[#]} 14. e3 $146 ({Predecessor:} 14. Rc2 Nxc3 15. Bxc3 Rc8 16. dxc5 Bxc3 17. Rxc3 bxc5 18. e3 Qa5 19. Qa1 {½-½ (54) Sengul,C (2146)-Sulashvili,M (2499) Izmir 2008}) 14... a5 15. Re1 cxd4 16. Nxd4 Ndc5 17. Rc2 Qd7 18. Nce2 Be5 19. Nf3 Bxb2 20. Rxb2 Ba6 {[%cal Oe4f2] [#] White must now prevent ...Nxf2!} 21. Nc1 a4 22. Rc2 axb3 23. axb3 {[%cal Ba2b3,Bb3b4][%mdl 32]} Bb7 24. b4 Ne6 25. Ne2 Qa4 26. Qb1 Rec8 27. Rb2 Qa3 28. Rd1 h6 29. Nfd4 Nxd4 30. Rxd4 {[%cal Rg2e4]} Rc7 (30... Nf6 $14) 31. Rd1 (31. Bxe4 $16 dxe4 32. Kg2) 31... Qa4 32. Re1 Qa3 33. h4 Rc4 34. Rb3 Qa2 35. Rb2 Qa3 36. Rb3 Qa2 37. Rb2 Qa3 38. Rd1 Ra4 {[%cal Rc4b4]} 39. Rd3 Qa1 {[%cal Oc4c2] The position is equal.} 40. Rd1 {[%cal Bd3d1,Bd1b1,Bb1b6][%mdl 32]} Qa3 41. Rb3 Rcxb4 42. Rxa3 Rxb1 43. Rxb1 Rxa3 44. Rxb6 {[#] And now Bxe4 would win.} Ra1+ 45. Kh2 Nxf2 46. Rxb7 Ng4+ 47. Kh3 {Weighted Error Value: White=0.12 (very precise) /Black=0.07 (flawless)} 1/2-1/2

[Event "84th Tata Steel Challengers 2022"]
[Site "Wijk aan Zee"]
[Date "2022.01.26"]
[Round "10.6"]
[White "Vogel, Roven"]
[Black "L'Ami, Erwin"]
[Result "1/2-1/2"]
[WhiteElo "2452"]
[BlackElo "2622"]
[Annotator "TA"]
[PlyCount "126"]
[EventDate "2022.01.15"]
[EventType "tourn"]
[EventCountry "NED"]
[SourceTitle "playchess.com"]
[Source "ChessBase"]
[SourceQuality "1"]

{[%evp 11,126,22,20,2,21,27,15,17,16,16,18,17,17,12,22,17,17,1,28,8,8,9,17,-5,0,-7,0,-28,0,-22,0,-16,-10,-15,-7,-41,-41,-44,-47,-62,-53,-57,-50,-77,-67,-169,-85,-87,-87,-90,-78,-84,-89,-65,-69,-79,-89,-59,0,-99,-113,-89,-103,-83,-43,-51,-36,-41,-40,-50,-53,-48,-27,-17,-32,-57,0,-27,-28,-28,0,0,0,0,0,0,0,0,76,42,54,33,84,77,131,129,93,0,0,0,0,0,0,0,0,0,0,0,0,0,0,0,0,0,0,0,0]} 1. d4 Nf6 2. c4 e6 3. Nf3 d5 4. Nc3 Nbd7 5. Bg5 c6 6. cxd5 exd5 7. Qc2 {D51: Queen's Gambit Declined: 4 Bg5 Nbd7 sidelines.} h6 8. Bh4 Be7 9. e3 Nh5 10. Bxe7 Qxe7 11. O-O-O Nhf6 12. Kb1 Nb6 13. Bd3 Be6 14. h3 Nfd7 15. Nd2 O-O-O 16. f4 {Threatens to win with f5.} g6 17. Rhe1 Kb8 18. g4 Nf6 19. Nb3 {[#]} Rhe8 $146 (19... h5 {is interesting.} 20. f5 Bc8 21. g5 Ne4 22. Nxe4 dxe4 23. Bxe4 Qxg5 24. Qh2+ Ka8) ({Predecessor:} 19... h5 20. f5 Bc8 21. g5 Ne4 22. Bxe4 dxe4 23. fxg6 fxg6 24. Qh2+ Qc7 25. Qxc7+ Kxc7 {½-½ (36) Menendez Rodriguez,G (2331)-Runting,T (2358) ICCF email 2019}) 20. a3 Ne4 21. Bxe4 dxe4 22. Nc5 Bd5 23. b3 f5 24. Rg1 Bf7 25. Kb2 Na8 {[%cal Bb6a8,Ba8c7,Bc7d5][%mdl 32]} 26. Na2 Nc7 27. gxf5 gxf5 28. Qd2 ({Better is} 28. Nb4 $15 Qd6 29. Rg7) 28... Rg8 (28... b6 $19 29. Nb4 Rd6 30. Nca6+ Nxa6 31. Nxa6+ Kb7) 29. Qb4 $17 {[%csl Gc5][%cal Rb4b7]} Nd5 $1 {[%csl LRb4,LRe3]} 30. Na6+ Kc8 31. Qxe7 Nxe7 32. N6b4 Bh5 (32... Kd7 {feels hotter.} 33. Nc3 Ke6 34. a4 Kf6 35. Rdf1 b6) 33. Rc1 Bf3 34. Nc3 Bg2 (34... Rxg1 $15 35. Rxg1 Rg8 36. Rxg8+ Nxg8) 35. Nc2 (35. d5 $1 $11) 35... h5 36. h4 {[%cal Od4d5]} Rg4 37. Ne1 Bh3 {[%cal Bg2h3,Bh3g4,Bg4f3][%mdl 32]} 38. Rh1 Rg3 39. Nc2 Bg4 40. Rcg1 {Prevents Rg2.} Rxg1 41. Rxg1 Ng6 42. Rh1 Bf3 43. Rh3 b6 (43... Rg8 $15) 44. Ne1 Bg4 45. Rh2 Kc7 46. a4 a5 47. Nc2 Ne7 48. Rd2 Ng6 49. Rh2 Bf3 {[#]} (49... Ne7 $11 {remains equal.}) 50. d5 $1 $16 cxd5 51. Nd4 {Hoping for Ne6+.} Kb7 {[#]} (51... Rd7 $1 $14) 52. Ncb5 $1 {Rc2 is the strong threat. Pair of Knights!} Ne7 (52... Bg4 $142) 53. Rc2 {aiming for Rc7+.} Rd7 {Inhibits Rc7+.} 54. Nxf3 {White is more active.} ({White should play} 54. Ka3 $16) 54... exf3 {[%mdl 4096] Endgame KRN-KRN. The position is equal.} 55. Nd4 Rd6 56. Nxf3 Nc6 57. Rg2 Re6 58. Rg7+ Kc8 59. Nd4 Nxd4 60. exd4 Re4 61. Rg5 {[%csl LRf5,LRh5]} Rxf4 62. Rxh5 Rxd4 63. Rxf5 Rxh4 {Weighted Error Value: White=0.12 (very precise) /Black=0.12 (very precise)} 1/2-1/2

[Event "84th Tata Steel Challengers 2022"]
[Site "Wijk aan Zee"]
[Date "2022.01.26"]
[Round "10.7"]
[White "Ganguly, Surya Shekhar"]
[Black "Zhu, Jiner"]
[Result "1-0"]
[WhiteElo "2627"]
[BlackElo "2478"]
[Annotator "TA"]
[PlyCount "71"]
[EventDate "2022.01.15"]
[EventType "tourn"]
[EventCountry "NED"]
[SourceTitle "playchess.com"]
[Source "ChessBase"]
[SourceQuality "1"]

{[%evp 11,71,32,25,33,27,32,60,54,54,42,63,30,64,64,134,129,141,142,149,150,151,162,277,283,266,287,258,284,314,342,307,328,322,317,289,223,170,109,296,270,387,317,256,162,164,41,56,52,37,9,208,207,302,299,291,270,258,254,249,233,152,129]} 1. c4 Nf6 2. Nc3 d5 3. cxd5 Nxd5 4. Nf3 e6 5. e4 Nxc3 6. bxc3 c5 7. Bc4 {D41: Queen's Gambit Declined: Semi-Tarrasch with 5 cxd5.} a6 8. a4 {[#]} b6 $146 ({Predecessor:} 8... Be7 9. O-O O-O 10. d4 Qc7 11. Qe2 Bd7 12. Be3 Nc6 13. Rfb1 Na5 14. Bd3 Bc6 {1-0 (42) Alfaro de Hombre,J (2132)-Turowski,P (2123) ICCF email 2014}) 9. O-O {White is slightly better.} Bb7 10. Re1 Qc7 11. Qe2 {White is more active.} Be7 12. d4 O-O ({Black should play} 12... cxd4 $14 13. cxd4 O-O) 13. d5 $16 exd5 14. exd5 Bd6 15. Bd3 {[%cal Od3h7]} Nd7 {[%cal Oc5c4]} (15... Bxd5 $2 16. Bxh7+ $1 Kh8 17. Bc2 $18) 16. c4 (16. Qe4 g6 $16) 16... Rae8 (16... Rfd8 $142 17. Rb1 (17. Qe4 Nf8 $16) 17... Nf8) 17. Qxe8 $18 Rxe8 18. Rxe8+ Nf8 19. Bf5 $1 b5 20. axb5 axb5 21. Bd2 $1 {And now Ba5 would win.} (21. cxb5 g6 22. Bh3 (22. Be4 $2 Qd7 $17) 22... f5 $16) 21... b4 22. Bg5 b3 23. Rb1 Ba6 24. Nd2 (24. Bd3 $18) 24... g6 $2 (24... h6 $16) 25. Bh3 f6 (25... Bxh2+ $2 26. Kh1 Bf4 27. Be7 $18) (25... f5 {might work better.} 26. g3 (26. Rxb3 Bxh2+ 27. Kh1 Bf4 $16) (26. Nxb3 Bxc4 27. g3 Bxd5 $17) 26... Kf7) 26. Bh6 {Black must now prevent Be6+.} Kf7 (26... Bxh2+ $2 27. Kf1 Bd6 28. Be6+ Kh8 29. Rxb3 $18) 27. Re3 Bxh2+ 28. Kh1 ({White has to play} 28. Kf1 $1 $18 {Strongly threatening g3.} Bf4 29. Bxf4 Qxf4 30. Ke1) 28... Bf4 $14 29. Bxf4 {Chess con chili.} Qxf4 30. Rbxb3 f5 $2 {[#]} (30... Qxf2 $11 {and Black stays safe.} 31. Ne4 (31. Rbd3 f5 $11) 31... Qf1+ 32. Kh2 f5) 31. Kg1 $1 $18 Bxc4 (31... Qd4 $142 32. Rbd3 Qa1+ 33. Kh2 Qb2) 32. g3 Qd4 33. Rb7+ Kg8 34. Nxc4 Qxc4 {[#]} 35. Re8 $1 {aiming for d6.} Qxd5 36. Rbb8 {Weighted Error Value: White=0.18 (very precise) /Black=0.39} 1-0

[Event "84th Tata Steel Challengers 2022"]
[Site "Wijk aan Zee"]
[Date "2022.01.28"]
[Round "11.1"]
[White "L'Ami, Erwin"]
[Black "Erigaisi Arjun"]
[Result "1/2-1/2"]
[WhiteElo "2622"]
[BlackElo "2629"]
[Annotator "TA"]
[PlyCount "46"]
[EventDate "2022.01.15"]
[EventType "tourn"]
[EventCountry "NED"]
[SourceTitle "playchess.com"]
[Source "ChessBase"]
[SourceQuality "1"]

{[%evp 10,46,16,22,32,24,28,35,38,46,28,28,36,46,39,18,35,60,62,22,26,30,40,-8,18,0,0,0,0,0,0,0,0,0,0,0,0,0,0]} 1. d4 Nf6 2. c4 e6 3. Nf3 d5 4. g3 dxc4 5. Bg2 Bb4+ 6. Bd2 c5 {E04: Open Catalan: 5 Nf3.} 7. Bxb4 $1 {7.Bxb4 scores better than 7.0-0.} cxb4 8. Ne5 O-O {[%cal Ob8c6] White is slightly better.} 9. a3 Nd5 10. O-O bxa3 11. Nxa3 c3 {[#]} 12. b3 $146 ({Predecessor:} 12. Qc2 f6 13. Nec4 cxb2 14. Qxb2 a5 15. Nb5 f5 16. e3 Nc6 17. Nc3 Ra6 18. Rfc1 {½-½ (72) Oreopoulos,K (2442)-Lednev,V (2461) ICCF email 2012}) 12... Nc6 13. Nxc6 bxc6 14. Qd3 a5 15. Rfc1 {[%mdl 1024] White has compensation.} Ba6 16. Qd1 (16. Nc4 $14 {is more appropriate.}) 16... Ra7 {The position is equal.} 17. e3 Rd7 {[%cal Oe6e5]} 18. Nc4 Bxc4 19. bxc4 Nb4 20. Qa4 e5 21. Bxc6 Nxc6 22. Qxc6 exd4 23. exd4 Rc7 {Weighted Error Value: White=0.10 (very precise) /Black=0.04 (flawless)} 1/2-1/2

[Event "84th Tata Steel Challengers 2022"]
[Site "Wijk aan Zee"]
[Date "2022.01.28"]
[Round "11.2"]
[White "Bjerre, Jonas Buhl"]
[Black "Murzin, Volodar"]
[Result "1-0"]
[WhiteElo "2586"]
[BlackElo "2519"]
[Annotator "TA"]
[PlyCount "95"]
[EventDate "2022.01.15"]
[EventType "tourn"]
[EventCountry "NED"]
[SourceTitle "playchess.com"]
[Source "ChessBase"]
[SourceQuality "1"]

{[%evp 11,95,27,31,12,13,18,23,30,35,37,39,37,45,40,50,46,39,40,87,33,56,43,79,38,40,41,46,38,47,46,35,44,56,0,0,0,0,0,0,0,0,0,0,0,0,0,0,0,0,0,0,-25,0,0,20,20,193,0,0,0,24,0,0,0,0,0,0,-28,291,291,372,288,306,290,546,368,513,507,535,546,503,490,558,545,530,475]} 1. d4 d5 2. c4 c6 3. Nf3 Nf6 4. e3 Bf5 5. Nc3 e6 6. Nh4 Bg6 7. Be2 {D12: Slav Defence: 3 Nf3 Nf6 4 e3 Bf5.} Nbd7 8. O-O Bd6 9. g3 {White has an edge.} Qe7 10. c5 $5 {[%mdl 4] Leaves trodden paths.} Bc7 11. b4 a6 12. a4 {[#]} O-O $146 ({Predecessor:} 12... e5 13. Bd2 O-O 14. Nxg6 hxg6 15. b5 exd4 16. exd4 axb5 17. axb5 Rxa1 18. Qxa1 Nxc5 19. dxc5 d4 20. Bf3 {½-½ (20) Malhotra,A (2171)-Vibbert,S (2313) Phoenix 2015}) 13. Nxg6 hxg6 14. f4 Rfb8 (14... Nh7 $14 {is more appropriate.}) 15. Ba3 (15. Bd3 $16) 15... Qd8 16. Qc2 b6 17. cxb6 {White is much more active. Black has bad knights.} (17. Rab1 $16) 17... Nxb6 $14 18. a5 Nc4 19. Bxc4 dxc4 20. Nd1 $1 Bd6 21. Qxc4 Qf8 {[%cal Rd6b4]} 22. Rb1 (22. Rf2 $14) 22... c5 $11 23. dxc5 Bxc5 24. Rb3 Ba7 25. Nf2 Qe8 26. Rfb1 Nd5 27. Bc1 (27. Qxa6 $2 Rb5 28. Rc1 Bxe3 $19) 27... Rb5 28. Bd2 Rc8 29. Qe2 e5 {And now ...exf4 would win.} 30. Qf3 exf4 31. gxf4 Rc2 32. Rd3 Qe6 33. Rd1 Kh7 $2 {[#]} (33... Nxb4 $2 34. Rd8+ Kh7 35. Qa8 $18) (33... Rc8 $1 $11) 34. Kh1 $2 (34. Ne4 $1 $18 {[%cal Re4g5] Threatens to win with Ng5+.} Nf6 35. Ng5+ Rxg5+ 36. fxg5) 34... Nf6 35. Bc3 Rh5 {[%cal Oc2f2]} (35... Nd5 $5 {[%cal Rd5c3]} 36. Be5 (36. Rxd5 Rxd5 37. Rxd5 Rxf2 $11) 36... Bxe3 $16) 36. Bxf6 gxf6 37. Rd6 Qa2 (37... Qxe3 38. Qxe3 Bxe3 39. Ng4 $18) 38. Rf1 Kg7 39. Rd7 ({Don't go for} 39. Rxa6 $2 {[#]} Qc4 $1 40. Kg2 Qxa6 $19) (39. Rd8 $5 {[%cal Rf3a8]} Rd2 40. Re8 $11) 39... Bxe3 {[%mdl 8192]} 40. Qxe3 $18 Qc4 {[%cal Rc4f1]} 41. Rfd1 {aiming for Qa7.} Rh4 42. Kg1 Re2 $2 {[#]} (42... Qxf4 43. Rxf7+ Kh6 44. Qxf4+ Rxf4) 43. R7d4 $1 {[%mdl 512] Qg3 is the strong threat.} Qb5 (43... Qc2 44. Qg3) 44. Qd3 {White is clearly winning.} Qe8 45. Re4 Rxe4 46. Qxe4 ({Less strong is} 46. Nxe4 Rxf4 47. Re1 Qe5 $16) 46... Qb8 47. Rd4 Qc7 48. Kg2 {Weighted Error Value: White=0.16 (very precise) /Black=0.38} 1-0

[Event "84th Tata Steel Challengers 2022"]
[Site "Wijk aan Zee"]
[Date "2022.01.28"]
[Round "11.3"]
[White "Nguyen, Thai Dai Van"]
[Black "Vogel, Roven"]
[Result "1-0"]
[WhiteElo "2609"]
[BlackElo "2452"]
[Annotator "TA"]
[PlyCount "169"]
[EventDate "2022.01.15"]
[EventType "tourn"]
[EventCountry "NED"]
[SourceTitle "playchess.com"]
[Source "ChessBase"]
[SourceQuality "1"]

{[%evp 13,169,-5,34,27,34,28,47,24,51,31,20,25,33,24,27,16,31,25,26,21,50,36,34,23,11,14,85,52,61,21,91,83,77,86,91,91,99,54,52,22,24,23,39,31,25,23,63,63,63,57,63,63,63,63,63,63,63,62,62,62,62,62,62,62,62,62,64,64,66,65,67,70,103,65,93,93,93,93,93,93,93,93,101,93,119,119,115,115,119,109,120,120,120,75,109,109,125,121,127,127,128,128,128,127,128,128,128,128,141,141,144,138,151,135,135,135,135,128,128,127,128,105,105,102,102,95,229,229,229,226,219,212,242,236,254,246,229,233,297,230,211,199,281,189,175,176,176,176,325,176,330,127,127,0,331,244,475,475]} 1. Nf3 d5 2. d4 Nf6 3. c4 c6 4. Nc3 dxc4 5. a4 Bf5 6. Ne5 Nbd7 {6...Nbd7 scores better than 6...e6.} 7. Nxc4 Nb6 (7... Qc7 {looks sharper.} 8. Bg5 e5 9. e3 Bb4 10. Bd3 Be6) 8. e3 {D17: Slav Defence: 5 a4 Bf5: Lines with 6 Nh4 and 6 Ne5.} Nxc4 9. Bxc4 e6 10. O-O {White is slightly better.} Be7 11. a5 b5 12. axb6 axb6 13. Rxa8 Qxa8 14. f3 O-O 15. e4 Bg6 16. Be3 $36 {[%mdl 2048] White fights for an advantage.} Qa5 {[#]} 17. Qa1 $146 ({Predecessor:} 17. Qb3 Qb4 18. Ra1 b5 19. Qxb4 Bxb4 20. Be2 Rc8 21. Rc1 Ra8 22. Nd1 Ra6 23. Nf2 {1-0 (72) Buran,J (2264)-Pacl,V (2179) Czech Republic 2012}) 17... Qb4 18. Qa2 b5 19. Be2 Bd8 (19... Rd8 $11) 20. Rd1 Bb6 {[%cal Oe6e5]} 21. Bf2 Nd7 (21... h6 $11) 22. Qa3 $16 Qxa3 23. bxa3 Rc8 24. Rc1 {[%cal Oc3b5]} Ra8 25. Nb1 (25. d5 $16 cxd5 26. exd5 (26. Bxb5 Bxf2+ 27. Kxf2 Nf6 $16)) 25... f5 $14 26. d5 (26. Rxc6 {is interesting.} fxe4 27. Bxb5 exf3 28. Rd6 Rb8 29. Rxd7 Bxb1 30. gxf3 Bxd4 31. Bxd4 Rxb5 32. Rxg7+ Kf8 33. Ra7) 26... Bxf2+ 27. Kxf2 exd5 28. exd5 cxd5 29. Bxb5 Ne5 30. Re1 Nc4 31. a4 $1 Nb6 32. Nc3 d4 33. Ne2 Nxa4 34. Nxd4 Nc3 35. Bc4+ Bf7 36. Bxf7+ Kxf7 37. Nxf5 {[%mdl 4096] Endgame KRN-KRN} Ra2+ 38. Kf1 Kf6 39. Ne3 Nb5 40. Nd5+ Kg6 41. Re6+ Kf5 42. Re7 Ra7 43. Re4 Rd7 44. g4+ Kg6 45. Re5 Nd4 46. Kf2 Kf7 47. Nf4 Re7 48. Rh5 Kg8 49. Rd5 Nc6 {Inhibits Rd8+.} 50. h4 {[%cal Bh2h4,Bh4h5][%mdl 32]} Ra7 51. Kg3 Ne7 52. Rd6 Kf7 53. Ne6 (53. h5 $142) 53... h6 54. Nf4 Rb7 55. h5 Ng8 56. Ne6 Re7 57. Nd8+ Ke8 58. Nc6 Rd7 {To avoid Rd8+} 59. Re6+ Kf7 60. Re3 {[#] Ne5+ is the strong threat. White is more active.} Rd6 61. Ne5+ Kf8 62. Ra3 {Black must now prevent Ra8+.} Nf6 63. Kf4 Rd8 64. Kf5 Kg8 65. Nc6 Re8 66. Nd4 Nh7 67. Ra7 Ng5 {Inhibits Ne6.} 68. f4 Rf8+ 69. Ke5 Nf7+ (69... Re8+ $16 {keeps fighting.} 70. Kd5 Ne4) 70. Kd5 $18 Rd8+ 71. Ke4 Nd6+ 72. Kf3 Nf7 73. Nc6 Re8 74. Ne7+ Kf8 75. Nf5 {[%cal Oa7f7]} Rb8 76. Kg3 Rb3+ 77. Kf2 {[#] aiming for Ra8+.} Rb8 {Inhibits Ra8.} (77... Rd3 $142 78. Ke2 Rd5) 78. Kg2 Rb2+ 79. Kh3 {Hoping for Ra8+.} Rb3+ 80. Kh4 {Strongly threatening Ra8+.} Rb8 {Prevents Ra8.} (80... Rd3 $142 81. Rc7 Rd8) 81. Rc7 (81. Ra6 $142) 81... Ra8 $2 (81... Rd8 {was necessary.} 82. Rc6 Rd7) 82. Rb7 $2 (82. Rc6 $18 {is the precise move to win.}) 82... Rd8 $16 83. Ra7 $2 (83. Ne7 $16) 83... Rb8 $1 $18 84. Ra6 {Threatens to win with Rg6.} Rc8 $2 (84... Nd8 85. Kg3 Rb3+ 86. Kh4 Rb8) 85. Rg6 {Weighted Error Value: White=0.07 (flawless) /Black=0.13 (very precise)} 1-0